| 000 | 00721cam a22002292 4500 | ||
|---|---|---|---|
| 001 | 0000006104 | ||
| 005 | 20151217154357.0 | ||
| 008 | 070914s xx 000 0 eng d | ||
| 020 |
_a0071232265 : _cKES 4,950 |
||
| 040 |
_aKABU _cKABU |
||
| 100 | 1 |
_aAnthony, Robert N. _@0000157488 |
|
| 245 | 1 | 0 |
_aAccounting : _btext and cases / _cRobert N. Anthony, David F. Hawkins, Kenneth, A. Merchant. |
| 250 | _a11th ed. | ||
| 260 |
_aBoston : _bMcGraw-Hill, _c2004. |
||
| 300 | _axxvi, 975 p. | ||
| 650 | 0 |
_aAccounting. _@0000148321 |
|
| 700 | 1 |
_aHawkins, David F. _@0000157489 |
|
| 700 | 1 |
_aMerchant, Kenneth A. _@0000157490 |
|
| 908 | _a070914 | ||
| 950 | _@1 | ||
| 999 |
_c10873 _d10873 |
||